Life blood of terrorism : (Record no. 141460)

MARC details
000 -LEADER
fixed length control field 00656nam a22001937a 4500
005 - DATE AND TIME OF LATEST TRANSACTION
control field 20170623162109.0
010 ## - LCCN (DPL NO)
LC control number ENG-118883
020 ## - INTERNATIONAL STANDARD BOOK NUMBER
International Standard Book Number 9789384052188
Terms of availability 599.00
035 ## - SYSTEM CONTROL NUMBER
System control number EN-102415
037 ## - SOURCE OF ACQUISITION
Source of stock number/acquisition DBAD/PUB
082 ## - DEWEY DECIMAL CLASSIFICATION NUMBER
Classification number 363.3250681
100 ## - MAIN ENTRY--PERSONAL NAME
Personal name Chadha, Vivek
245 ## - TITLE STATEMENT
Title Life blood of terrorism :
Statement of responsibility, etc by Vivek Chadha
Remainder of title countering terrorism finace /
260 ## - PUBLICATION, DISTRIBUTION, ETC. (IMPRINT)
Place of publication, distribution, etc New Delhi
Name of publisher, distributor, etc Bloomsbury Publishing
Date of publication, distribution, etc 2015
270 ## - ADDRESS
Address Vishurut Building, DDA Complex, Building No.3 Pocket C-6 & 7, Vasant Kunj
City New Delhi
Postal code 110070
300 ## - PHYSICAL DESCRIPTION
Extent xiv,258p.:
Dimensions 24cm(Hb)
Other physical details maps.
500 ## - GENERAL NOTE
General note Includes index
942 ## - ADDED ENTRY ELEMENTS (KOHA)
Source of classification or shelving scheme Dewey Decimal Classification
Item type English Books
Classification part 363.3250681
Call number suffix CHA
Holdings
Withdrawn status Lost status Not for loan Collection code Home library Current library Date acquired Source of acquisition Cost, normal purchase price Full call number Barcode Copy number Cost, replacement price Koha item type
      Non-fiction Ashok Vihar Ashok Vihar 20/06/2017 DBAD/PUB 599.00 363.3250681 CHA EN-102415 1 599.00 English Books

© Delhi Public Library
Hit Counter
free hit counter